| 000 | 01184nab a22002417a 4500 | ||
|---|---|---|---|
| 999 |
_c6414 _d6414 |
||
| 003 | OSt | ||
| 005 | 20260202121349.0 | ||
| 008 | 190429b xxu||||| |||| 00| 0 spa d | ||
| 040 | _cPJ | ||
| 100 |
_97047 _aBertazza, Humberto J. |
||
| 245 | 1 | 3 |
_aLa doble vía penal tributaria y contenciosa /
_cHumberto J. Bertazza, Ana Clara Marconi y Norberto J. Marconi. |
| 260 |
_cCiudad Autónoma de Buenos Aires : _aThomson Reuters La Ley, _b2023. |
||
| 300 | _ap. 199-216 | ||
| 500 | _aCita Online: AR/DOC/1386/2023. | ||
| 505 | _aSumario: I. El tema.— II. Consideraciones generales.— III. Familia de fallos del juez penal con impacto en el contencioso.— IV. Familia de fallos con situaciones conflictivas.— V. El Código Civil y Comercial. | ||
| 505 | _tSi te interesa el texto completo, solicitalo a koha@justierradelfuego.gov.ar | ||
| 650 | 0 |
_9343 _aDERECHO PENAL |
|
| 650 | 0 |
_9339 _aDERECHO TRIBUTARIO |
|
| 700 |
_97048 _aMarconi, Ana Clara |
||
| 700 |
_97049 _aMarconi, Norberto J. |
||
| 773 | 0 |
_02658 _93164 _tRevista de derecho penal y criminología. Nº 8 - Septiembre 2023 _dCiudad Autónoma de Buenos Aires : Thomson Reuters La Ley, 2017- _x00347914 |
|
| 942 |
_2udc _cANA |
||